| 000 | 00842cam a2200193 i 4500 | ||
|---|---|---|---|
| 999 |
_c58710 _d58710 |
||
| 001 | 16100720 | ||
| 005 | 20220701143946.0 | ||
| 008 | 100222s2009 gw a b 000 0 eng | ||
| 020 | _a 3-939394-01-7 | ||
| 040 |
_aDLC _beng _cDLC |
||
| 100 |
_aBünning, Frank _914283 |
||
| 245 | 0 | 0 |
_aTVET teacher education on the threshold of internationalisation / _b Frank Bünning , eds. Zhao Zhi-Qun |
| 264 | 1 |
_aBonn: _bUNEVOC, _c2006. |
|
| 300 |
_a240 p.: _c20 cm. |
||
| 653 | _aTVET Teacher Education on the Threshold of Internationalisation | ||
| 653 | _a გარდამავალი პერიოდის სოციალურ-ეკონომიკური პრობლემები და გადაწყვეტის გზები | ||
| 700 |
_aZhi-Qun Zhao _cრედაქტორი _914284 |
||
| 942 |
_2udc _cBK |
||